000 00701nam a2200289Ia 4500
005 20260324144143.0
008 008 260324s9999 xx 000 0 eng d
020 _a9780203757338
037 _aEBOOK
040 _aCRL
040 _beng
040 _cCRL
041 _2eng
041 _aeng
084 _qCRL
100 _aLouise Ferrante; Nicholas P. Cheremisinoff
_91218284
245 0 _aEngineering Mathematics and Statistics
245 0 _bPocket Handbook
260 _bTaylor and Francis
260 _c1989
365 _a
365 _b120
856 _uhttp://www.taylorfrancis.com/books/9780203757338
942 _cEBOOK
999 _c1824526
_d1824526